| 000 -LEADER |
| fixed length control field |
00775cam a22002414a 4500 |
| 020 ## - INTERNATIONAL STANDARD BOOK NUMBER |
| ISBN |
1588293599 (alk. paper) |
| 040 ## - CATALOGING SOURCE |
| Transcribing agency |
DLC |
| 082 00 - DEWEY DECIMAL CLASSIFICATION NUMBER |
| Classification number |
628 s |
| -- |
628 HUM 2005 C148 Or. |
| 245 00 - TITLE STATEMENT |
| Title |
Advanced air and noise pollution control / |
| 260 ## - PUBLICATION, DISTRIBUTION, ETC. (IMPRINT) |
| Place of publication |
Totowa, N.J. : |
| Name of publisher |
Humana Press, |
| Year of publication |
c2005. |
| 300 ## - PHYSICAL DESCRIPTION |
| Number of Pages |
xviii, 526 p. : |
| Other physical details |
ill. ; |
| Dimensions |
26 cm. |
| 490 1# - SERIES STATEMENT |
| Series statement |
Handbook of environmental engineering ; |
| 650 #0 - SUBJECT ADDED ENTRY--TOPICAL TERM |
| Topical Term |
Air |
| 650 #0 - SUBJECT ADDED ENTRY--TOPICAL TERM |
| Topical Term |
Air quality management. |
| 650 #0 - SUBJECT ADDED ENTRY--TOPICAL TERM |
| Topical Term |
Noise pollution. |
| 650 #0 - SUBJECT ADDED ENTRY--TOPICAL TERM |
| Topical Term |
Noise control. |
| 700 1# - ADDED ENTRY--PERSONAL NAME |
| Personal name |
Wang, Lawrence K. |
| 700 1# - ADDED ENTRY--PERSONAL NAME |
| Personal name |
Pereira, Norman C. |
| 700 1# - ADDED ENTRY--PERSONAL NAME |
| Personal name |
Hung, Yung-Tse. |
| 856 41 - ELECTRONIC LOCATION AND ACCESS |
| Uniform Resource Identifier |
http://www.loc.gov/catdir/toc/ecip0410/2003023705.html |
| 856 42 - ELECTRONIC LOCATION AND ACCESS |
| Uniform Resource Identifier |
http://www.loc.gov/catdir/enhancements/fy0826/2003023705-d.html |
| 942 ## - ADDED ENTRY ELEMENTS (KOHA) |
| Koha item type |
ADB |
| 952 ## - LOCATION AND ITEM INFORMATION (KOHA) |
| Withdrawn status [LOCAL, KOHA] |
0 |